| 000 | 00610nam a2200133Ia 4500 | ||
|---|---|---|---|
| 008 | 171212s9999 xx 000 0 und d | ||
| 020 | _a9780813536637 | ||
| 100 | _aJenkins, Kathleen E. | ||
| 245 |
_cJenkins, Kathleen E. _aAwesome Families _bThe Promise of Healing Relationships in the International Churches of Christ |
||
| 260 |
_bRutgers University Press _c2005 |
||
| 650 | _aInternational Churches of Christ; Christian sociology -- International Churches of Christ; Family -- Religious aspects -- International Churches of Christ | ||
| 650 | _aSociology | ||
| 856 | _uhttp://www.jstor.org/stable/j.ctt5hj239 | ||
| 999 |
_c352831 _d352831 |
||